[Event "Barnsdale Young Masters"]
[Site "Uppingham"]
[Date "1989.02.26"]
[Round "5"]
[White "Plaskett, H James"]
[Black "Carr, Neil L"]
[Result "1-0"]
[WhiteElo "2445"]
[BlackElo "2315"]
[PlyCount "95"]
[EventDate "1989.02.24"]
[EventType "swiss"]
[EventRounds "6"]
[EventCountry "ENG"]
[SourceTitle "BritBase"]
[Source "John Saunders"]
[SourceDate "2020.09.07"]
[SourceVersion "1"]
[SourceVersionDate "2020.09.07"]
[SourceQuality "2"]

1. e4 g6 2. d4 Bg7 3. Nc3 d6 4. Be3 Nc6 5. Nge2 e5 6. Qd2 f5 7. exf5 Bxf5 8.
dxe5 dxe5 9. O-O-O Qxd2+ 10. Rxd2 Nf6 11. h3 O-O 12. g4 Be4 13. Rh2 Bf3 14. Ng1
Nd4 15. Bg2 Bxg2 16. Rxg2 Ne8 17. Ne4 Nf6 18. Nxf6+ Rxf6 19. c3 Ne6 20. Ne2 Nf4
21. Rg3 g5 22. Kd1 Rd6 23. Rxd6 cxd6 24. Bxf4 gxf4 25. Rd3 Rd8 26. Rd5 Kf7 27.
c4 Kg6 28. Nc3 Kg5 29. c5 Kh4 30. Rxd6 Bf6 31. Ne4 Be7 32. Rxd8 Bxd8 33. Ke2
Kxh3 34. Kf3 Be7 35. b4 Bd8 36. b5 h6 37. Nd6 Bc7 38. Ne8 Bb8 39. c6 bxc6 40.
bxc6 e4+ 41. Kxe4 Kxg4 42. c7 Bxc7 43. Nxc7 f3 44. Nd5 h5 45. Ne3+ Kh3 46. Kxf3
h4 47. Nf5 a5 48. a4 1-0

[Event "Barnsdale Young Masters"]
[Site "Uppingham"]
[Date "1989.02.26"]
[Round "6"]
[White "Arkell, Keith C"]
[Black "Hebden, Mark L"]
[Result "1-0"]
[WhiteElo "2445"]
[BlackElo "2455"]
[PlyCount "137"]
[EventDate "1989.02.24"]
[EventType "swiss"]
[EventRounds "6"]
[EventCountry "ENG"]
[SourceTitle "BritBase"]
[Source "John Saunders"]
[SourceDate "2020.09.07"]
[SourceVersion "1"]
[SourceVersionDate "2020.09.07"]
[SourceQuality "2"]

1. d4 Nf6 2. Nf3 g6 3. g3 Bg7 4. Bg2 O-O 5. O-O d6 6. c4 c5 7. Nc3 Nc6 8. dxc5
dxc5 9. Bf4 Nh5 10. Be3 Nd4 11. Qd2 Bg4 12. Rfd1 Bxf3 13. Bxf3 Nxf3+ 14. exf3
b6 15. Qe2 Qc7 16. Rd3 Bxc3 17. Rxc3 Rfd8 18. Rd1 Rxd1+ 19. Qxd1 Ng7 20. Rd3
Ne6 21. Qa4 Qb7 22. Kg2 Rc8 23. Rd7 Rc7 24. Rd5 Qc6 25. Qd1 f6 26. h4 Kf7 27.
h5 Nf8 28. hxg6+ hxg6 29. Bh6 Ne6 30. Be3 Rc8 31. Qh1 Rg8 32. b3 Qe8 33. Qh7+
Rg7 34. Qh1 Qc8 35. Qh4 Rg8 36. Qh7+ Rg7 37. Qh4 f5 38. Bd2 Kg8 39. Qh6 Qe8 40.
Bc3 Rh7 41. Qe3 Qc6 42. Qe5 Kf7 43. Qb8 a5 44. Qa7 Ng5 45. Qd7 Qe6 46. Qxe6+
Nxe6 47. Rd7 g5 48. Be5 g4 49. fxg4 fxg4 50. Rb7 Ng5 51. Rxb6 Nf3 52. Bc3 Rh2+
53. Kf1 Rh1+ 54. Ke2 Rc1 55. Kd3 Rd1+ 56. Ke3 Rc1 57. Bxa5 Rc2 58. Rc6 Rxa2 59.
Rxc5 Ng1 60. Bd2 Nf3 61. Bc3 Ng1 62. Bd4 Nh3 63. Ke4 Ke6 64. Rc6+ Kd7 65. Rg6
Nxf2+ 66. Bxf2 Rxf2 67. b4 Rb2 68. b5 Kc7 69. Kd4 1-0

[Event "Barnsdale Young Masters"]
[Site "Uppingham"]
[Date "1989.02.26"]
[Round "6"]
[White "Crawley, Gavin"]
[Black "McNab, Colin Anderson"]
[Result "1-0"]
[WhiteElo "2385"]
[BlackElo "2415"]
[PlyCount "75"]
[EventDate "1989.02.24"]
[EventType "swiss"]
[EventRounds "6"]
[EventCountry "ENG"]
[SourceTitle "BritBase"]
[Source "John Saunders"]
[SourceDate "2020.09.07"]
[SourceVersion "1"]
[SourceVersionDate "2020.09.07"]
[SourceQuality "2"]

1. e4 g6 2. d4 d6 3. Nc3 Bg7 4. Nf3 Nf6 5. h3 O-O 6. Bg5 d5 7. Bd3 c5 8. dxc5
dxe4 9. Nxe4 Nxe4 10. Bxe4 Bxb2 11. O-O Qc7 12. Rb1 Bg7 13. Re1 Re8 14. Qd5 Nc6
15. Bh4 Be6 16. Rxb7 Qxb7 17. Qxc6 Qb4 18. Bxe7 Rac8 19. Qd6 Bf8 20. Bxf8 Rxf8
21. Bc6 Bxa2 22. Re4 Qb1+ 23. Kh2 Qxc2 24. Nd4 Qd3 25. Re3 Qb1 26. Bd7 Rb8 27.
c6 Qb4 28. Qf6 Qb2 29. Re2 Qa1 30. c7 Rb1 31. c8=Q Rxc8 32. Bxc8 Rh1+ 33. Kg3
Qc3+ 34. f3 Qxc8 35. Rxa2 Rd1 36. Re2 h5 37. Re7 Qb8+ 38. f4 1-0

[Event "Barnsdale Young Masters"]
[Site "Uppingham"]
[Date "1989.02.26"]
[Round "6"]
[White "Gallagher, Joseph G"]
[Black "Baker, Chris W"]
[Result "1-0"]
[WhiteElo "2405"]
[BlackElo "2265"]
[PlyCount "75"]
[EventDate "1989.02.24"]
[EventType "swiss"]
[EventRounds "6"]
[EventCountry "ENG"]
[SourceTitle "BritBase"]
[Source "John Saunders"]
[SourceDate "2020.09.07"]
[SourceVersion "1"]
[SourceVersionDate "2020.09.07"]
[SourceQuality "2"]

1. e4 Nc6 2. d4 d5 3. Nc3 dxe4 4. d5 Ne5 5. Bf4 Ng6 6. Bg3 f5 7. Bb5+ Bd7 8.
Nh3 a6 9. Bc4 b5 10. Bb3 Nf6 11. O-O c5 12. dxc6 Bxc6 13. Ng5 e5 14. Qe2 Bc5
15. Nf7 Qe7 16. Nxh8 Nxh8 17. Rad1 Bd4 18. Nd5 Nxd5 19. c3 f4 20. cxd4 fxg3 21.
Qxe4 gxh2+ 22. Kh1 Rd8 23. dxe5 Qe6 24. Qxh7 Qh6 25. Qxh6 gxh6 26. Rd4 Ng6 27.
Rfd1 Nge7 28. f4 Rc8 29. Bxd5 Nxd5 30. Rxd5 Bxd5 31. Rxd5 Rc2 32. Rd6 a5 33. f5
Rxb2 34. f6 Rxa2 35. e6 Rf2 36. e7 Kf7 37. Rd8 Re2 38. Rf8+ 1-0

[Event "Barnsdale Young Masters"]
[Site "Uppingham"]
[Date "1989.02.26"]
[Round "6"]
[White "Martin, Andrew D"]
[Black "Britton, Richard"]
[Result "1-0"]
[WhiteElo "2425"]
[BlackElo "2255"]
[PlyCount "48"]
[EventDate "1989.02.24"]
[EventType "swiss"]
[EventRounds "6"]
[EventCountry "ENG"]
[SourceTitle "BritBase"]
[Source "John Saunders"]
[SourceDate "2020.09.07"]
[SourceVersion "1"]
[SourceVersionDate "2020.09.07"]
[SourceQuality "2"]

1. e4 c5 2. Nc3 d6 3. f4 g6 4. Nf3 Bg7 5. g3 Nc6 6. Bg2 e6 7. O-O Nge7 8. d3
O-O 9. Be3 Nd4 10. e5 Nef5 11. Bf2 Nxf3+ 12. Qxf3 Nd4 13. Qd1 Rb8 14. Ne4 dxe5
15. c3 Nf5 16. Bxc5 Re8 17. fxe5 b6 18. Bd6 Rb7 19. Qe2 Rd7 20. d4 Bb7 21. Ba3
Qc8 22. g4 Ba6 23. Qf2 Bxf1 24. Rxf1 Ne7 1-0

[Event "Barnsdale Young Masters"]
[Site "Uppingham"]
[Date "1989.02.26"]
[Round "6"]
[White "Sadler, Matthew D"]
[Black "McDonald, Neil R"]
[Result "0-1"]
[WhiteElo "2430"]
[BlackElo "2495"]
[PlyCount "97"]
[EventDate "1989.02.24"]
[EventType "swiss"]
[EventRounds "6"]
[EventCountry "ENG"]
[SourceTitle "BritBase"]
[Source "John Saunders"]
[SourceDate "2020.09.07"]
[SourceVersion "1"]
[SourceVersionDate "2020.09.07"]
[SourceQuality "2"]

1. d4 Nf6 2. c4 d6 3. Nc3 Nbd7 4. Nf3 g6 5. e4 e5 6. d5 Bg7 7. Be2 Nc5 8. Qc2
a5 9. O-O O-O 10. Ne1 Nfd7 11. Be3 f5 12. f3 f4 13. Bf2 g5 14. b3 Rf6 15. a3
Qe8 16. Nd3 Nxd3 17. Bxd3 Qh5 18. h3 Rg6 19. Nd1 Nf6 20. Be1 Bxh3 21. gxh3 g4
22. Qh2 gxf3+ 23. Kh1 Rg2 24. Nf2 Kh8 25. Rg1 Rxh2+ 26. Kxh2 Bh6 27. Ng4 Nxg4+
28. Rxg4 f2 29. Bxf2 f3 30. Rag1 Rf8 31. h4 Qf7 32. Bf1 Bf4+ 33. Kh1 Bd2 34.
Bh3 Bc3 35. Rg5 Bd4 36. Bxd4 f2 37. Bxf2 Qf3+ 38. R1g2 Qxh3+ 39. Kg1 Qxb3 40.
h5 Qb1+ 41. Kh2 Qxe4 42. R5g4 Qxg4 43. Rxg4 Rxf2+ 44. Kg3 Rf1 45. Kg2 Rf6 46.
c5 dxc5 47. Rg5 b5 48. Rxe5 b4 49. h6 0-1

[Event "Barnsdale Young Masters"]
[Site "Uppingham"]
[Date "1989.02.??"]
[Round "?"]
[White "Ady, Jonathan James"]
[Black "Baker, Chris W"]
[Result "0-1"]
[WhiteElo "2310"]
[BlackElo "2265"]
[PlyCount "80"]
[EventDate "1989.02.24"]
[EventType "swiss"]
[EventRounds "6"]
[EventCountry "ENG"]
[SourceTitle "BritBase"]
[Source "John Saunders"]
[SourceDate "2020.09.07"]
[SourceVersion "1"]
[SourceVersionDate "2020.09.07"]
[SourceQuality "2"]

1. e4 e5 2. Nf3 Nc6 3. Bb5 a6 4. Ba4 Nf6 5. O-O Be7 6. Re1 b5 7. Bb3 O-O 8. c3
d5 9. exd5 e4 10. dxc6 exf3 11. d4 fxg2 12. Qf3 Be6 13. Bxe6 fxe6 14. Rxe6 Nd5
15. Qxg2 Bh4 16. Bh6 Rf7 17. Nd2 Kh8 18. Re5 gxh6 19. Rxd5 Qg8 20. Ne4 Bxf2+
21. Nxf2 Rg7 22. Qxg7+ Qxg7+ 23. Kf1 Rf8 24. Re5 Qf6 25. Re2 Qxc6 26. Ke1 Qg2
27. Rd1 Qxh2 28. Nd3 Rf1+ 29. Kxf1 Qh1+ 30. Kf2 Qxd1 31. Ke3 Qg1+ 32. Rf2 h5
33. Ne5 h4 34. Ke2 h3 35. Nf3 Qb1 36. Ke3 Qxa2 37. Rh2 Qg8 38. Kf4 Qb3 39. Kg3
Kg7 40. Kxh3 b4 0-1

[Event "Barnsdale Young Masters"]
[Site "Uppingham"]
[Date "1989.02.??"]
[Round "?"]
[White "Baker, Chris W"]
[Black "Sadler, Matthew D"]
[Result "1/2-1/2"]
[WhiteElo "2265"]
[BlackElo "2430"]
[PlyCount "100"]
[EventDate "1989.02.24"]
[EventType "swiss"]
[EventRounds "6"]
[EventCountry "ENG"]
[SourceTitle "BritBase"]
[Source "John Saunders"]
[SourceDate "2020.09.07"]
[SourceVersion "1"]
[SourceVersionDate "2020.09.07"]
[SourceQuality "2"]

1. d4 Nc6 2. e4 d5 3. exd5 Qxd5 4. Nf3 Bg4 5. Nc3 Qa5 6. Bb5 e6 7. h3 Bh5 8. g4
Bg6 9. Ne5 Bb4 10. O-O Bxc3 11. Bxc6+ bxc6 12. Qf3 Ne7 13. bxc3 Qd5 14. Qe3 h5
15. f3 hxg4 16. c4 Qd6 17. fxg4 Rd8 18. Ba3 Rxh3 19. Bxd6 Rxe3 20. Bxe7 Kxe7
21. Nxc6+ Kd7 22. Nxd8 Kxd8 23. Rf4 Rc3 24. c5 Rxc2 25. Rf2 Rc3 26. Rd1 Ke7 27.
Rb2 Be4 28. Rb3 Rc2 29. Ra3 Rg2+ 30. Kf1 Rxg4 31. Rxa7 Kd7 32. a4 Rg3 33. Ra1
f5 34. a5 g5 35. d5 Bxd5 36. c6+ Bxc6 37. Rd1+ Kc8 38. Rc1 Kb8 39. Ra6 Bb5+ 40.
Kf2 Bxa6 41. Kxg3 Bb5 42. Rh1 Kb7 43. Rh7 Bc4 44. Rg7 g4 45. Kf4 Bd5 46. Re7
Ka6 47. Rxc7 Kxa5 48. Rc1 Kb4 49. Rc2 Kb3 50. Rc1 Kb4 1/2-1/2

[Event "Barnsdale Young Masters"]
[Site "Uppingham"]
[Date "1989.02.??"]
[Round "?"]
[White "Flear, Christine"]
[Black "Sadler, Matthew D"]
[Result "1-0"]
[WhiteElo "2170"]
[BlackElo "2430"]
[PlyCount "59"]
[EventDate "1989.02.24"]
[EventType "swiss"]
[EventRounds "6"]
[EventCountry "ENG"]
[SourceTitle "BritBase"]
[Source "John Saunders"]
[SourceDate "2020.09.07"]
[SourceVersion "1"]
[SourceVersionDate "2020.09.07"]
[SourceQuality "2"]

1. d4 d5 2. e3 Nf6 3. Nf3 e6 4. Bd3 c5 5. c3 Nbd7 6. Nbd2 Be7 7. O-O O-O 8. Ne5
Qc7 9. f4 b6 10. Qf3 Bb7 11. g4 Nxe5 12. fxe5 Nd7 13. Qh3 g6 14. Nf3 Qd8 15.
Bd2 f6 16. exf6 Bxf6 17. g5 Bxg5 18. Qxe6+ Kg7 19. Bb5 Nb8 20. Nxg5 Qxg5+ 21.
Kh1 Bc8 22. Qd6 Rd8 23. Qc7+ Bd7 24. e4 Qe7 25. Rae1 dxe4 26. Qb7 Nc6 27. Bxc6
Rab8 28. Qxa7 e3 29. Bf3 Ra8 30. Qc7 1-0